Engineering Materials and Metallurgy (Record no. 11527)

MARC details
000 -LEADER
fixed length control field 00385nam a22001697a 4500
003 - CONTROL NUMBER IDENTIFIER
control field OSt
008 - FIXED-LENGTH DATA ELEMENTS--GENERAL INFORMATION
fixed length control field 220910b ||||| |||| 00| 0 eng d
020 ## - INTERNATIONAL STANDARD BOOK NUMBER
International Standard Book Number 9788121927093
082 ## - DEWEY DECIMAL CLASSIFICATION NUMBER
Classification number 620.119 CHE
100 ## - MAIN ENTRY--PERSONAL NAME
Personal name RAJPUT,RK
245 ## - TITLE STATEMENT
Title Engineering Materials and Metallurgy
250 ## - EDITION STATEMENT
Edition statement Rep
260 ## - PUBLICATION, DISTRIBUTION, ETC. (IMPRINT)
Place of publication, distribution, etc New Delhi
Name of publisher, distributor, etc S.Chand
Date of publication, distribution, etc 2022
300 ## - PHYSICAL DESCRIPTION
Extent 328
650 ## - SUBJECT ADDED ENTRY--TOPICAL TERM
Topical term or geographic name as entry element ME
942 ## - ADDED ENTRY ELEMENTS (KOHA)
Source of classification or shelving scheme Dewey Decimal Classification
Koha item type Text Books
Holdings
Withdrawn status Lost status Source of classification or shelving scheme Damaged status Not for loan Collection code Home library Current library Date acquired Source of acquisition Currency Cost, normal purchase price Bill Number Total Checkouts Full call number Acc. no. / Barcode Date last seen Actual Cost, discounted price Bill Date Koha item type
    Dewey Decimal Classification     B.Tech(ME) PIET C-LIBRARY PIET C-LIBRARY 02/09/2022 Kirti Praskshan IN900 345.00 IN900   620.119 CHE 33947 10/09/2022 248.40 02/09/2022 Text Books
    Dewey Decimal Classification     B.Tech(ME) PIET C-LIBRARY PIET C-LIBRARY 02/09/2022 Kirti Praskshan IN900 345.00 IN900   620.119 RAE 33948 10/09/2022 248.40 02/09/2022 Text Books
    Dewey Decimal Classification     B.Tech(ME) PIET C-LIBRARY PIET C-LIBRARY 02/09/2022 Kirti Praskshan IN900 345.00 IN900   620.119 RAE 33949 10/09/2022 248.40 02/09/2022 Text Books
    Dewey Decimal Classification     B.Tech(ME) PIET C-LIBRARY PIET C-LIBRARY 02/09/2022 Kirti Praskshan IN900 345.00 IN900   620.119 RAE 33950 10/09/2022 248.40 02/09/2022 Text Books
    Dewey Decimal Classification     B.Tech(ME) PIET C-LIBRARY PIET C-LIBRARY 02/09/2022 Kirti Praskshan IN900 345.00 IN900   620.119 RAE 33951 10/09/2022 248.40 02/09/2022 Text Books

Design & Developed by: PIET Central Library
R70 Miles Stone Pattikalyana Samalkha Panipat 132102
mail ID :- [email protected], Phone No:- 0180-2569700 Ex.216